| Tag |
First Indicator |
Second Indicator |
Subfields |
| LEADER |
00000nam a2200000 i 4500 |
| 001 |
in00005779769 |
| 005 |
20260427125550.9 |
| 006 |
m o d |
| 007 |
cr cnu---unuuu |
| 008 |
260307s2026 ncu ob 001 0deng d |
| 020 |
|
|
|a 9781478062059
|q electronic book
|
| 020 |
|
|
|a 1478062053
|q electronic book
|
| 020 |
|
|
|z 9781478029854
|q hardcover
|
| 020 |
|
|
|z 9781478033301
|q paperback
|
| 035 |
|
|
|a (NhCcYBP)jstor22573/CATS39737215
|
| 037 |
|
|
|a 22573/cats39737215
|b JSTOR
|
| 040 |
|
|
|a NhCcYBP
|c NhCcYBP
|
| 043 |
|
|
|a e-uk---
|a n-us---
|
| 050 |
|
4 |
|a ML420.B754
|b B533 2026
|
| 082 |
0 |
4 |
|a 782.42166092/2
|2 23/eng/20260313
|
| 245 |
0 |
0 |
|a Blackstar rising and the purple reign :
|b the sonic afterlives of David Bowie & Prince /
|c edited by Daphne A. Brooks.
|
| 246 |
3 |
0 |
|a Sonic afterlives of David Bowie and Prince
|
| 264 |
|
1 |
|a Durham :
|b Duke University Press,
|c [2026]
|
| 300 |
|
|
|a 1 online resource.
|
| 336 |
|
|
|a text
|b txt
|2 rdacontent
|0 http://id.loc.gov/vocabulary/contentTypes/txt
|
| 337 |
|
|
|a computer
|b c
|2 rdamedia
|0 http://id.loc.gov/vocabulary/mediaTypes/c
|
| 338 |
|
|
|a online resource
|b cr
|2 rdacarrier
|0 http://id.loc.gov/vocabulary/carriers/cr
|
| 490 |
1 |
|
|a Refiguring American music
|
| 504 |
|
|
|a Includes bibliographical references and index.
|
| 505 |
0 |
|
|a "Dearly Beloved,' 'Gimme Your Hands'": Toward a (Rock 'n Roll) Commons / Daphne A. Brooks -- "Adore": A Map to the Essays, Meditations, Conversations & A Spirited Round of Karaoke / Daphne A. Brooks -- "Punch A Higher Floor": David Bowie, Prince, the Utopian & the Spiritual -- This Is What It's Like When Starships Cry-A Cosmic Soliloquy On The Warp Driven Vessels Christened Bowie and Prince / Greg Tate -- Am I Nowhere Now?: Hoping for Utopia in David Bowie's Lazarus / Tiffany Naiman -- "This Thing Called Life" (after Prince and Bowie) On Blackstars and Purple Rain / Kara Keeling -- Not Quite Dying: Late Bowie / Eric Lott -- Adore, Alternative / Ashon Crawley -- "Station to Station": Traversing Cities & Borders with Bowie & Prince -- Heroes Across the Borders / Josh Kun -- Riding in Cars with Prince Van Truong -- Queer Nightlife Autopoiesis: A Self-Guided Downtown Bowie Walking Tour / Shane Vogel -- "There will be no death": Prince's Afterlife in Minneapolis / Emma Baĺazs and Kristen Zschomler -- From the Depot to Uncle Sam's: Minneapolis, Clubs, AOR, and Prince in the Seventies / Michaelangelo Matos -- The Black Album: Bowie, Prince & the Art of Sonic Experimentalism -- "Paint": David Bowie and the Texture of Guitar Experimentalism / Michael E. Veal -- Mapping Prince's "Erotic City" / Jason King -- "His Magical Instruments": An Interview with Donny McCaslin / Maureen Mahon -- New Waves, Shifting Terrains: Prince's and David Bowie's Transatlantic Crossovers / Alexander G. Weheliye -- Young Americans: A Heat Rocks Podcast Conversation -- / Lynell George, Oliver Wang and Morgan Rhodes -- "Oh! You Pretty Things": Spectacular Bowie, Spectacular Prince-Visual & Performance Politics -- David Bowie Is a Curatorial Adventure / Victoria Broackes and Geoffrey Marsh -- Like David Bowie / Jonathan Flatley -- "He lives . . . the clothes": A Conversation with Prince Costume Designer Marie-France / Jacqueline Stewart -- "I Was Dreaming When I Wrote This": Prince and Black Social Dreaming / Tavia Nyong'o -- "Like A Poem": An Interview with D.A. Pennebaker on Filming David Bowie / Matthew Frye Jacobson -- "Rebirth of the Flesh": Adventures in Intersectionality with Bowie & Prince -- Trans* Bowie . . . Trans* Prince / Jack Halberstam -- Prince as Revolutionary Mother: Creativity, Kinship, Collaboration, and Care, from Meshell Ndegeocello to Janelle Monae / Francesca T. Royster -- "I Am Something That You'll Never Understand": Facing the Strange with Bowie and Prince / Ann Powers -- "You've Got to Go In": An Interview with Sheila E. / Alexandra T. Vazquez -- Blackstar, Bright Star, Not a Gangstar: Black Feminist Imaginaries through Bowie & Prince / Daphne A. Brooks -- Outre: Where Are We Now? . . . -- Fun Fun Fun-Having a Good Time with Prince and Duke / Greil Marcus
|
| 532 |
1 |
|
|3 JSTOR
|a "We apply WCAG and Section 508 standards to improve the user experience for everyone...The target for JSTOR is WCAG 2.2 Level AA." Source: https://about.jstor.org/accessibility/. Last accessed April 22, 2025.
|
| 588 |
|
|
|a Description based on online resource; title from digital title page (viewed on March 19, 2026).
|
| 600 |
1 |
0 |
|a Bowie, David
|x Influence.
|
| 600 |
0 |
0 |
|a Prince
|x Influence.
|
| 600 |
1 |
0 |
|a Bowie, David
|x Criticism and interpretation.
|
| 600 |
0 |
0 |
|a Prince
|x Criticism and interpretation.
|
| 650 |
|
0 |
|a Rock musicians
|z Great Britain.
|
| 650 |
|
0 |
|a Rock musicians
|z United States.
|
| 655 |
|
7 |
|a Electronic books.
|2 local
|
| 700 |
1 |
|
|a Brooks, Daphne,
|e editor.
|1 https://id.oclc.org/worldcat/entity/E39PBJyWQXWgkTPTBGB9Y6MQMP
|
| 776 |
1 |
8 |
|i Print version:
|a Brooks, Daphne A.
|t Blackstar Rising and the Purple Reign
|d Durham : Duke University Press,c2026
|z 9781478033301
|
| 830 |
|
0 |
|a Refiguring American music.
|
| 856 |
4 |
0 |
|u http://proxy.library.tamu.edu/login?url=https://www.jstor.org/stable/10.2307/jj.39744875
|z Connect to the full text of this electronic book
|t 0
|
| 955 |
|
|
|a JSTOR DDA record
|
| 999 |
f |
f |
|i 57f51298-c31b-4a36-a141-aea7e2916dee
|s 52b9478f-6274-483e-b199-85f2bc55f4e3
|t 0
|
| 952 |
f |
f |
|a Texas A&M University
|b College Station
|c Electronic Resources
|s evans_pda
|d Available Online
|t 0
|e ML420.B754 B533 2026
|h Library of Congress classification
|
| 998 |
f |
f |
|a ML420.B754 B533 2026
|t 0
|l Available Online
|